| 000 | 01591nab a2200253 i 4500 | ||
|---|---|---|---|
| 001 | 768714001 | ||
| 003 | CO-MdFUSB | ||
| 005 | 20260313160440.0 | ||
| 008 | 240718t1973 enk||||| |||| 00| 0 eng d | ||
| 040 |
_bspa _cCO-MdFUSB _dCO-MdFUSB |
||
| 041 | _aeng | ||
| 100 |
_aRütti, Ludwig, _d1936- _eautor |
||
| 245 |
_aThe political position of the christian community in the light of "political theology" _c/ Ludwig Rutti ; traducido por Francis McDonagh |
||
| 520 | _aEs necesario articular y analizar las relaciones entre política, comunidad y teología. Este artículo intentará relacionar estas cuestiones con la comunidad como tal, y en el proceso la idea y la naturaleza de la comunidad inevitablemente serán discutidas y la "comunidad" necesariamente será discutida en su contexto eclesiástico y social más amplio. La política y la politización de individuos, grupos o comunidades no son mis principales preocupaciones, sino más bien la postura política que caracteriza la autocomprensión de dichas comunidades, así como su organización en términos prácticos. | ||
| 546 | _aTexto en inglés. | ||
| 650 | 7 |
_aTeología pastoral _9227 |
|
| 650 | 7 |
_aReligión y política _9286 |
|
| 650 | 0 |
_aIglesia y problemas sociales _91177 |
|
| 650 | 7 |
_aAntropología cultural y social _96714 |
|
| 700 |
_aMcDonagh, Francis, _etraductor |
||
| 773 | 0 |
_070507 _982832 _dLondres : Board, 1966. _oR2684 _tConcilium : _w(CO-MdFUSB)768714001 _x0010-5236 _gVolumen 4, (número 9, 1973), páginas: 62 - 75 _qpágina: 62 |
|
| 942 | _cANA | ||
| 945 | _aCatherine Arias Álvarez - Practicante SENA | ||
| 999 |
_c70527 _d70527 |
||